Every Song by Dishwalla - Statistics

General Stats
  • This quiz has been taken 3 times
  • The average score is 5 of 59
Answer Stats
Album Song % Correct
Pet Your Friends(1995) Counting Blue Cars (Tell Me Your Thoughts on God)
100%
Opaline(2002) Opaline
67%
Non-Album(2022) Alive
33%
Pet Your Friends(1995) Charlie Brown's Parents
33%
Pet Your Friends(1995) Give
33%
Juniper Road(2017) Hand in Hand
33%
Non-Album(2022) King of the Mountain
33%
And You Think You Know What Life's About(1998) Once in a While
33%
Pet Your Friends(1995) Pretty Babies
33%
Opaline(2002) Somewhere in the Middle
33%
And You Think You Know What Life's About(1998) Stay Awake
33%
And You Think You Know What Life's About(1998) Truth Serum
33%
Dishwalla(2005) 40 Stories
0%
And You Think You Know What Life's About(1998) 5 Star Day
0%
Dishwalla(2005) Above the Wreckage
0%
Pet Your Friends(1995) All She Can See
0%
Opaline(2002) Angels or Devils
0%
Dishwalla(2005) Bleeding Out
0%
And You Think You Know What Life's About(1998) Bottom of the Floor
0%
Opaline(2002) Candleburn
0%
Dishwalla(2005) Collide
0%
Dishwalla(2005) Coral Sky
0%
Dishwalla(2005) Creeps in the Stone
0%
Juniper Road(2017) Darkness Conceals
0%
Juniper Road(2017) Don't Fade Away
0%
Opaline(2002) Drain Out
0%
Dishwalla(2005) Ease the Moment
0%
Opaline(2002) Every Little Thing
0%
Pet Your Friends(1995) Explode
0%
Dishwalla(2005) Far Away
0%
Juniper Road(2017) Give Me a Sign
0%
And You Think You Know What Life's About(1998) Gone Upside Down
0%
Pet Your Friends(1995) Haze
0%
And You Think You Know What Life's About(1998) Healing Star
0%
Juniper Road(2017) Here for You
0%
Opaline(2002) Home
0%
Dishwalla(2005) Life for Sale
0%
Opaline(2002) Mad Life
0%
Juniper Road(2017) Mazelike Garden
0%
Juniper Road(2017) Miles Away
0%
Pet Your Friends(1995) Miss Emma Peel
0%
Pet Your Friends(1995) Moisture
0%
Opaline(2002) Nashville Skyline
0%
Juniper Road(2017) Not Alone
0%
Juniper Road(2017) Now I Know
0%
Pet Your Friends(1995) Only for So Long
0%
And You Think You Know What Life's About(1998) Pop Guru
0%
Juniper Road(2017) Set Me Free
0%
Juniper Road(2017) Sirens
0%
And You Think You Know What Life's About(1998) So Blind
0%
And You Think You Know What Life's About(1998) So Much Time
0%
Dishwalla(2005) Surrender the Crown
0%
And You Think You Know What Life's About(1998) The Bridge Song
0%
Pet Your Friends(1995) The Feeder
0%
Opaline(2002) Today, Tonight
0%
And You Think You Know What Life's About(1998) Until I Wake Up
0%
Juniper Road(2017) Waiting on You, Love
0%
Opaline(2002) When Morning Comes
0%
Dishwalla(2005) Winter Sun
0%
No matching quizzes found
Score Distribution
Percent of People with Each Score
Percentile by Number Answered
Your Score History
You have not taken this quiz